000 00443nam a2200157Ia 4500
008 240729s9999 xx 000 0 und d
022 _a2426-8399
245 4 _aThe SMAI Journal of Computational Mathematics
260 _aFrance
260 _bCentre Mersenne
650 _a Mathematics | Language and Literature
650 _aScience
856 _uhttps://doaj.org/toc/c84375d5a02f4fc1b1f3675b8154f7f6
942 _2ddc
942 _cDOAJEJ
999 _c69423
_d69423
945 _a1
_bMadushi Gamage
_c1
_dMadushi Gamage